|
|
|
|
| LEADER |
00000naa2a2200000 4500 |
| 001 |
75954 |
| 005 |
20231031091233.0 |
| 035 |
|
|
|a (RuTPU)RU\TPU\book\81056
|
| 090 |
|
|
|a 75954
|
| 100 |
|
|
|a 20050406d2000 k y0rusy50 ca
|
| 101 |
0 |
|
|a rus
|
| 102 |
|
|
|a RU
|
| 200 |
1 |
|
|a Условия работоспособности уравнений для теоретического расчёта силы резания с позиций симметрии стружкообразования
|f В. С. Матвеев, Н. Н. Самсонова
|
| 463 |
|
1 |
|0 (RuTPU)RU\TPU\book\24541
|t Труды XIII научно-практической конференции, посвященной 100-летию начала учебных занятий в ТПУ
|o Филиал ТПУ, Юрга, 27-28 апреля 2000 г
|f ТПУ
|v С. 97-99.
|d 2000
|p 181 с.
|
| 610 |
1 |
|
|a теоретические расчёты
|
| 610 |
1 |
|
|a расчёт силы резания
|
| 610 |
1 |
|
|a стружкообразование
|
| 610 |
1 |
|
|a труды учёных ТПУ
|
| 700 |
|
1 |
|a Матвеев
|b В. С.
|
| 701 |
|
1 |
|a Самсонова
|b Н. Н.
|
| 801 |
|
1 |
|a RU
|b 63413507
|c 20050406
|g PSBO
|
| 942 |
|
|
|c BK
|